Mixed Word: Mystery Theme III Quiz Stats

 Plays Quiz Updated Mar 30, 2018

Challenge
Share
Tweet
Embed
Score 0/20 Timer 03:00
0 Plays Today
Scrambled Word Answer % Correct
YAMMAY
99.7%
CEKDDECK
97.7%
OMECCOME
97.3%
INGGIN
97.3%
ALMCCALM
96.6%
GOLNLONG
96.2%
FLHAHALF
95.6%
OADADO
95.5%
CHITWWITCH
93.2%
REWAWARE
91.2%
Scrambled Word Answer % Correct
SUTQEQUEST
89.1%
ZLAZEDDAZZLE
88.6%
TILTELLITTLE
87.7%
VILDEDEVIL
84.8%
USEACCAUSE
74.7%
GEEISSIEGE
71.4%
DUGGERGRUDGE
49.8%
AFNLELFALLEN
45.5%
DEAFORHNFOREHAND
21.9%
Common Bond:BE
14.3%

You're not logged in!

Compare scores with friends on all Sporcle quizzes.
Join for Free
OR
Log In

You Might Also Like...

Show Comments

Extras

Top Quizzes Today


Score Distribution

Your Account Isn't Verified!

In order to create a playlist on Sporcle, you need to verify the email address you used during registration. Go to your Sporcle Settings to finish the process.

Report this User

Report this user for behavior that violates our Community Guidelines.

Details: